000
00300nam a22001337a 4500
008
190227b xxu||||| |||| 00| 0 eng d
020
_a
9780131930391
041
_a
eng
080
_2
2nd
_a
941
100
_a
16
101
_a
HIS
245
_a
Revolution and its Past
_c
Schoppa, R.K
942
_2
udc
_c
BK
999
_c
54349
_d
54349